700 lat myśli polskiej. (Rekord nr 29144)
| 000 -ETYKIETA REKORDU | |
|---|---|
| podpole kontrolne o stałej długości | 01150nam a2200289 i 4500 |
| 001 - NUMER KONTROLNY REKORDU | |
| pole kontrolne | bg |
| 003 - IDENTYFIKATOR NUMERU KONTROLNEGO REKORDU | |
| podpole kontrolne | BPK |
| 005 - DATA OSTATNIEJ MODYFIKACJI REKORDU | |
| podpole kontrolne | 20191016105207.0 |
| 008 - POLE O STAŁEJ DŁUGOŚCI - DANE KONTROLNE | |
| podpole kontrolne o stałej długości | 981005s1978 pl a |001 0 pol |
| 015 ## - NUMER BIBLIOGRAFII NARODOWEJ | |
| Numer bibliografii narodowej | PB 1978/8108 |
| 040 ## - ŹRÓDŁO KATALOGOWANIA | |
| Instytucja, która sporządziła opis | WA N |
| Instytucja, która utworzyła rekord | BPK |
| 080 ## - UNIWERSALNA KLASYFIKACJA DZIESIĘTNA - UKD | |
| UKD | 1(438)(091) |
| 245 00 - TYTUŁ/ODPOWIEDZIALNOŚĆ | |
| Tytuł | 700 lat myśli polskiej. |
| Oznaczenie części/sekcji dzieła | [1], |
| Tytuł części/sekcji dzieła | Filozofia i myśl społeczna XIII-XV wieku / |
| Pozostałe elementy strefy tytułu i oznaczenia odpowiedzialności | wybrał i przypisami opatrzył Juliusz Domański ; słowo wstępne napisał Władysław Tatarkiewicz. |
| 246 3# - WARIANT TYTUŁU | |
| Tytuł | Siedemset lat myśli polskiej. |
| 246 3# - WARIANT TYTUŁU | |
| Tytuł | Filozofia i myśl społeczna XIII-XV wieku |
| 260 ## - STREFA ADRESU WYDAWNICZEGO | |
| Miejsce wydania | Warszawa : |
| Nazwa wydawcy/dystrybutora | Państw. Wydaw. Naukowe, |
| Data publikacji, dystrybucji/powstania dokumentu | 1978. |
| 300 ## - STREFA OPISU FIZYCZNEGO | |
| Objętość | XVII, 571, [2] s. : |
| Inne cechy fizyczne | il., portr. ; |
| Rozmiary | 25 cm. |
| 504 ## - UWAGA DOTYCZĄCA BIBLIOGRAFII | |
| Informacje o bibliografii | Bibliogr. przy notach biogr. - Indeks. |
| 650 #4 - HASŁO PRZEDMIOTOWE W FORMIE NAZWY OGÓLNEJ LUB JEDNOSTKOWEJ | |
| Nazwa ogólna lub geograficzna | Filozofia |
| Określnik ogólny | historia |
| Określnik geograficzny | Polska |
| Określnik chronologiczny | 13-15 w. |
| 650 #4 - HASŁO PRZEDMIOTOWE W FORMIE NAZWY OGÓLNEJ LUB JEDNOSTKOWEJ | |
| Nazwa ogólna lub geograficzna | Nauki społeczne |
| Określnik ogólny | historia |
| Określnik geograficzny | Polska |
| Określnik chronologiczny | 13-15 w. |
| 648 #4 - HASŁO PRZEDMIOTOWE - TERMIN CHRONOLOGICZNY | |
| Termin chronologiczny | 1201-1300 |
| 648 #4 - HASŁO PRZEDMIOTOWE - TERMIN CHRONOLOGICZNY | |
| Termin chronologiczny | 1301-1400 |
| 648 #4 - HASŁO PRZEDMIOTOWE - TERMIN CHRONOLOGICZNY | |
| Termin chronologiczny | 1401-1500 |
| 700 1# - HASŁO DODATKOWE - NAZWA OSOBOWA | |
| Nazwa osobowa | Domański, Juliusz |
| Daty związane z nazwą | (1927- ). |
| Określenie związku między hasłem a opisywanym materiałem | Oprac. |
| 856 ## - LOKALIZACJA I DOSTĘP DO ELEKTRONICZNYCH DOKUMENTÓW ZDALNYCH | |
| Link (URL) | http://koha.tu.koszalin.pl/cgi-bin/koha/opac-detail.pl?biblionumber=29144 |
| Tekst linku | Katalog online BPK |
| 942 ## - DODATKOWE ELEMENTY (KOHA) | |
| Schemat klasyfikacji | Uniwersalna Klasyfikacja Dziesiętna |
| Typ dokumentu | Książka |
| Wycofany | Status egzemplarza | Uszkodzony | Dostępność | Lokalizacja stała | Lokalizacja bieżąca | Miejsce przechowywania | Sygnatura | Kod kreskowy | Dział | Typ dokumentu |
|---|---|---|---|---|---|---|---|---|---|---|
| Tylko na miejscu | Biblioteka Politechniki Koszalińskiej | Biblioteka Politechniki Koszalińskiej | Czytelnia BG | 35202 | 01243949 | 1 Filozofia. Logika. Etyka | Książka |
